VERCELLINO, Jean-Claude; MARC, Jean-Pierre, Notation et évaluation dans la fonction publique territoriale. Comment réaliser la notation et réussir ses entretiens d évaluation. Paris (France) : Editions du Papyrus (www.editions-papyrus.com), 2003. 228 p. (Fonctions territoriales), ISBN: 2-87603-139-6. 32 € (notice n° 1582110)
[ vue normale ]
| 000 -LEADER | |
|---|---|
| fixed length control field | 00759cam a2200133 4500500 |
| 005 - DATE AND TIME OF LATEST TRANSACTION | |
| control field | 20251228051729.0 |
| 041 ## - LANGUAGE CODE | |
| Language code of text/sound track or separate title | fre |
| 042 ## - AUTHENTICATION CODE | |
| Authentication code | dc |
| 245 00 - TITLE STATEMENT | |
| Title | VERCELLINO, Jean-Claude; MARC, Jean-Pierre, Notation et évaluation dans la fonction publique territoriale. Comment réaliser la notation et réussir ses entretiens d évaluation. Paris (France) : Editions du Papyrus (www.editions-papyrus.com), 2003. 228 p. (Fonctions territoriales), ISBN: 2-87603-139-6. 32 € |
| 260 ## - PUBLICATION, DISTRIBUTION, ETC. | |
| Date of publication, distribution, etc. | 2005.<br/> |
| 500 ## - GENERAL NOTE | |
| General note | 1 |
| 786 0# - DATA SOURCE ENTRY | |
| Note | Revue Internationale des Sciences Administratives | 71 | 1 | 2005-03-01 | p. 185v-190v | 0303-965X |
| 856 41 - ELECTRONIC LOCATION AND ACCESS | |
| Uniform Resource Identifier | <a href="https://droit.cairn.info/revue-internationale-des-sciences-administratives-2005-1-page-185v?lang=fr&redirect-ssocas=7080">https://droit.cairn.info/revue-internationale-des-sciences-administratives-2005-1-page-185v?lang=fr&redirect-ssocas=7080</a> |
Pas d'exemplaire disponible.




Réseaux sociaux